000 00368nas a2200157 a 4500
001 18755
003 48944
005 20201118095752.0
008 ||||||n9999 ||| || ||
041 _aspa
245 0 _aCoyuntura Económica - Vol.20 No.4
260 _aBogotá :
_bFEDES,
_c1990.
562 _e1
773 _017193
_aCoyuntura Económica
942 _cSISS
999 _c18755
_d18755